Compensating commercial agents (Record no. 69246)

MARC details
000 -LEADER
fixed length control field 01343cam a2200241 4500
001 - CONTROL NUMBER
control field ABS64956
008 - FIXED-LENGTH DATA ELEMENTS--GENERAL INFORMATION
fixed length control field 020110n2001 000 0 eng u
035 ## - SYSTEM CONTROL NUMBER
System control number (Sirsi) u116227
100 ## - MAIN ENTRY--PERSONAL NAME
Personal name Park, A.
245 ## - TITLE STATEMENT
Title Compensating commercial agents
260 ## - PUBLICATION, DISTRIBUTION, ETC.
Date of publication, distribution, etc. 2001
490 ## - SERIES STATEMENT
Series statement New Law Journal
Volume/sequential designation 151(7009) 23 November 2001, 1739-1741(3)
520 ## - SUMMARY, ETC.
Summary, etc. The EC Commercial Agents Directive (86/653) ensured that commercial agents would be entitled to compensation on termination of agency relationships. A recent judgement by the Scottish Court in King v Tunnock appeared to have resolved problems of the amount of compensation by following the French practice of awarding the agent 2 years gross commission. However it is becoming clear that the French approach will rarely produce a fair result and while Scottish courts must follow King until it is over-ruled, English courts need not do the same. Until an effective precedent is created, compromise would seem to the safest recommendation as the likely compensation award is highly uncertain.
590 ## - LOCAL NOTE (RLIN)
Local note ABS
650 ## - SUBJECT ADDED ENTRY--TOPICAL TERM
Topical term or geographic name entry element COMMERCIAL AGENTS
650 ## - SUBJECT ADDED ENTRY--TOPICAL TERM
Topical term or geographic name entry element COMMERCIAL AGENTS DIRECTIVE
650 ## - SUBJECT ADDED ENTRY--TOPICAL TERM
Topical term or geographic name entry element KING V TUNNOCK LTD
650 ## - SUBJECT ADDED ENTRY--TOPICAL TERM
Topical term or geographic name entry element EC DIRECTIVE 86/53
650 ## - SUBJECT ADDED ENTRY--TOPICAL TERM
Topical term or geographic name entry element EUROPEAN COMMISSION
650 ## - SUBJECT ADDED ENTRY--TOPICAL TERM
Topical term or geographic name entry element SCOTTISH LAW
690 ## - LOCAL SUBJECT ADDED ENTRY--TOPICAL TERM (OCLC, RLIN)
Topical term or geographic name as entry element PROPERTY MANAGEMENT-COMMERCIAL PROPERTY
942 ## - ADDED ENTRY ELEMENTS (KOHA)
Suppress in OPAC 0
Holdings
Withdrawn status Lost status Source of classification or shelving scheme Damaged status Not for loan Home library Current library Shelving location Date acquired Total Checkouts Full call number Barcode Date last seen Copy number Price effective from Koha item type
    Dewey Decimal Classification     London London Journal article 10/01/2002   ABS64956 116227-1001 06/08/2019 1 06/08/2019 Journal article